Países com Mais Tanques - Statistics

Estatísticas Gerais
  • Esse quiz foi jogado 11 373 vezes
  • A pontuação média é 12 de 20
Estatísticas das Respostas
# Tanques País % Correto
6,100 Estados Unidos
99%
13,000 Rússia
99%
3,205 China
97%
6,145 Coreia do Norte
86%
3,709 Irão
82%
4,730 Índia
81%
2,600 Coreia do Sul
75%
1,650 Israel
74%
2,430 Ucrânia
74%
2,680 Paquistão
69%
3,735 Egito
64%
3,045 Turquia
58%
3,740 Síria
57%
2,155 Vietname
42%
2,024 Argélia
35%
3,033 Marrocos
35%
1,401 Jordânia
32%
1,230 Cuba
26%
1,160 Taiwan
25%
1,344 Grécia
23%
Nenhum quiz correspondente encontrado
Distribuição das Pontuações
Porcentagem de Pessoas com Cada Pontuação
Percentil de Números Respondidos
Sua Pontuação Histórica
Você não jogou esse quiz